El protagonismo del pino en la provincia de Misiones

محفوظ في:
التفاصيل البيبلوغرافية
المؤلف الرئيسي: Pereyra, Adriana Beatriz (مؤلف)
التنسيق: كتاب
اللغة:الإسبانية
منشور في: Buenos Aires Universidad Nacional de Luján 1999
الطبعة:1a. ed
الموضوعات:
الوسوم: إضافة وسم
لا توجد وسوم, كن أول من يضع وسما على هذه التسجيلة!

MARC

LEADER 00000nam a2200000 a 4500
001 UCL8621
003 CL-VaPUC
008 040702e19990800ag |||||||||||||||||spa|d
020 |a 9879285026 
082 0 4 |a 333.75  |b PER  |2 21 
100 0 |a Pereyra, Adriana Beatriz  |e author  |9 486547 
245 1 3 |a El protagonismo del pino en la provincia de Misiones 
250 |a 1a. ed 
300 |a 231 p 
942 |c BK 
945 |d 20040702 00:00:00  |a cmena 
260 |a Buenos Aires  |b Universidad Nacional de Luján  |c 1999 
650 0 |a Recursos naturales  |9 255232 
650 7 |a SILVICULTURA  |2 CL-VaPUC  |9 264178 
650 7 |a RECURSOS FORESTALES  |2 CL-VaPUC  |9 334317 
583 |a last modification  |c 20171220 04:23:45  |k Rodrigo Vera 
999 |c 309824  |d 309822 
952 |0 0  |1 0  |4 0  |6 333_750000000000000_PER_1999  |7 0  |8 A  |9 377586  |a BIBING  |b BIBING  |d 2019-11-21  |i 4030761  |o 333.75 PER 1999  |p 4030761  |r 2025-01-20  |w 2019-11-21  |y BK  |k GEO